Представление документа в формате RUSMARC

ПолеНазваниеЗначение
  Тип записи a
  Библиографический уровень a
001 Контрольный номер RU/УОНБ/EK_Kray/552750973
005 Дата корректировки 20240131005110.1
100 Данные общей обработки __
a Данные общей обработки 20170707d2017 ||| 0rusy0189 ca
101 Язык документа 0_
a Язык текста rus
102 Страна публикации __
a Страна публикации RU
105 Кодированные данные (монография) __
a Кодированные данные (монография) y###||||000|y
200 Заглавие и сведения об ответственности 1_
a Заглавие Ассамблея "умных городов".
f Первые сведения об ответственности Кирилл Шубин
215 Физическое описание __
c Иллюстрации/тип воспроизводства 2 фот.
330 Аннотация __
a Аннотация IV Генеральная ассамблея всемирной организации WeGO по вопросам создания "умных городов"
461 Уровень набора _0
1 2000
a Аргументы и факты в Ульяновске
1 011
463 Уровень физической единицы _0
1 001RU/УОНБ/EK_Kray/552747361
1 2000
a 5-11 июля
v С.4
1 210
d 2017
600 Персоналии _1
a Персоналии (Фамилия) Морозов, Сергей Иванович
600 Персоналии _1
a Персоналии (Фамилия) Хохлов, Юрий
610 Ключевые слова 0_
a Ключевые слова ассамблеи
610 Ключевые слова 0_
a Ключевые слова цифровые технологии
610 Ключевые слова 0_
a Ключевые слова электронное управление
610 Ключевые слова 0_
a Ключевые слова город
686 Индексы других классификаций __
a Классификационный индекс 65
2 Код системы rubbk
700 Автор _1
a Фамилия Шубин
b Имя (инициалы) К.
g Полное личное имя Кирилл
4 Код отношения 070
801 Источник записи _0
a Страна RU
b Организация Ульяновская ОНБ
c Дата составления 20170707
g Правила каталогизации RCR
801 Источник записи _1
a Страна RU
b Организация Ульяновская ОНБ
c Дата составления 20170707
g Правила каталогизации RCR
901 Тип документа __
t Тип документа b
w Контрольный № источника RU/УОНБ/EK_Kray/552747361
909 Создатель записи __
a Создатель записи Уба
938 Служебная информация __
a Имя БД kraeved_work
b Имя библиотеки УОНБ
c Имя АИБС МАРК-SQL
d Номер DOC_ID в БД 127788